Condición de uso de la tierra del distrito San Vito Coto Brus Puntarenas = Land-use condition in San Vito District, Coto Brus, Puntarenas /

Comprendiendo las características propias de la región de San Vito de Coto Brus y el concepto de condición de uso de la tierra; se realiza un esfuerzo metodológico que incluye el enfoque del sistema de unidades de tierras, este analiza las variables biofísicas del territorio, para definir unidades h...

Descrizione completa

Salvato in:
Dettagli Bibliografici
Autore principale: Quesada Román, Adolfo
Natura: testo
Soggetti:
Tags: Aggiungi Tag
Nessun Tag, puoi essere il primo ad aggiungerne!!

MARC

LEADER 00000 a a2200000 04500
001 45082
003
040
100 |a Quesada Román, Adolfo  
245 |a Condición de uso de la tierra del distrito San Vito Coto Brus Puntarenas =   |b Land-use condition in San Vito District, Coto Brus, Puntarenas /  |c Adolfo Quesada Román  
500 |a adolfo.quesada@gmail.com  
520 |a Comprendiendo las características propias de la región de San Vito de Coto Brus y el concepto de condición de uso de la tierra; se realiza un esfuerzo metodológico que incluye el enfoque del sistema de unidades de tierras, este analiza las variables biofísicas del territorio, para definir unidades homogéneas que serán de utilidad en la toma de decisiones relacionadas a la planeación.  
590 |a KSR/AGOSTO2013  
650 |a ORDENAMIENTO TERRITORIAL  
650 |a ORDENAMIENTO DE LOS SUELOS  
650 |a USO DE LA TIERRA  
650 |a COTO BRUS  
650 |a PUNTARENAS  
773 |g volumen92, número1 (2013), páginas 47-64 : tabla, fotos, mapas  
999 |c 22055  |d 22055